Normal view MARC view
  • SAYARE, DR. A.S. AND OTHERS

Entry Personal Name

Number of records used in: 1

001 - CONTROL NUMBER

  • control field: 4953

003 - CONTROL NUMBER IDENTIFIER

  • control field: OSt

005 - DATE AND TIME OF LATEST TRANSACTION

  • control field: 20190427141247.0

008 - FIXED-LENGTH DATA ELEMENTS

  • fixed length control field: 190427|| aca||aabn | a|a d

040 ## - CATALOGING SOURCE

  • Original cataloging agency: OSt
  • Transcribing agency: OSt

100 ## - HEADING--PERSONAL NAME

  • Personal name: SAYARE, DR. A.S. AND OTHERS

670 ## - SOURCE DATA FOUND

  • Source citation: Work cat.: (OSt): SAYARE, DR. A.S. AND OTHERS, PHARMACEUTICAL ANALYSIS IV